Score 0/5 Timer 03:00
0 Plays Today
% Correct
Rain
97.4%
A candle
94.7%
Nothing
92.1%
Mary
92.1%
A snail
86.8%

You're not logged in!

Compare scores with friends on all Sporcle quizzes.
OR
Log In

Sporcle TV

Today on Sporcle TV


Watch our educational content, quiz creation guides, and fun videos on Sporcle TV.

Show Comments

Extras

Created Oct 25, 2013ReportNominate
Tags:Clickable Quiz, riddle, wow

Top Quizzes Today


Score Distribution

Paid Content

Your Account Isn't Verified!

In order to create a playlist on Sporcle, you need to verify the email address you used during registration. Go to your Sporcle Settings to finish the process.

Report this User

Report this user for behavior that violates our Community Guidelines.

Details: